000
00297nam a22001217a 4500
040
_c
SCME
100
_a
Wagner,William R
_9
55205
245
_a
Biomaterials science an introduction to materials in medicine
250
_a
4thed.
260
_b
Elsevier
_c
2020
300
_a
1586p.
942
_2
ddc
_c
BK
999
_c
566068
_d
566068